000 00669nam a2200253 a 4500
001 0001-1185
003 ELIB.Books
008 150511 2010 eng
020 _a0521364604
035 _a(ELIB.Books)0001-1340
092 _bLin
100 _aLincoln, Andrew T.
245 _aNew Testament Theology:
_bThe Theology of the Later Pauline Letters
250 _aFirst Edition
260 _aCambridge
_bUniversity Press
_c1993
300 _a185
_c21.5 Cm
500 _aC/o Moe Lwei
650 _aNew Testament
856 _nKBTS: Library
_uKBTS: Elib
942 _2ddc
_cBK
990 _a1
998 _cbat
_e2015-05-11
999 _c11185
_d11185